000 00382nam a2200145Ia 4500
008 240729s9999 xx 000 0 und d
022 _a1687-8566
245 0 _aJournal of Cancer Epidemiology
260 _aUnited Kingdom
260 _bHindawi Limited
650 _aMedicine
856 _uhttps://doaj.org/toc/b19bc368affe4de88358e61c463f7475
942 _2ddc
942 _cDOAJEJ
999 _c71440
_d71440
945 _a1
_bMadushi Gamage
_c1
_dMadushi Gamage